000
00282nam a22000977a 4500
005
20250901165231.0
008
210224b ||||| |||| 00| 0 eng d
050
_a
QA 76.9 .D3
245
_a
AN INTRODUCTION TO DATABASE SYSTEMS
_c
DATE, C.J.
942
_2
lcc
_h
QA 76.9 .D3 1975
999
_c
726
_d
726